00869nam a2200241 i 450000100060000000300090000600500170001500700030003200800410003502000180007608000310009410000260012524500820015126001010023330000300033449000340036450400420039860000420044071000290048271000490051183000340056085200330059420109ES-MaACL20251013231543.0t|021128s2001 sp ||||1| spa d a84-921508-5-8 a929 Salvà i Muner, Jaume1 aMarch, Joan (d1949-)10aJaume Salvà i Munar i el mallorquinisme científic / cJoan March Noguera. aAlgaida : bAjuntament d'Algaida ; a[Palma de Mallorca : bGovern de les Illes Balears, c2001. a138 p. : bil. ; c21 cm.1 aEdicions Pere Capellá ; v7 aBibliografía: p. 128-133. Índice.17aSalvà i Munar, Jaume, d1793-185521 aAlgaida. bAyuntamiento.1 aBaleares (Comunidad Autónoma). bGobierno.0 aEdicions Pere Capellá ; v7 aES-MaACLjL-26032 bR.131817